000 00786nam a2200253Ia 4500
003 OSt
005 20220928123957.0
006 a|||||r|||| 00| 0
007 ta
008 220927b |||||||| |||| 00| 0 eng d
020 _cUKP 29.99
024 _a142068
037 _b6046, 08/01/2020, Ashutosh Technical Books
_cTextual
040 _aSDCL
_cSDCL
_beng
041 _2eng
_aeng
082 _aL72:(D6,8(B)), Q9
100 _aRao Rajesh P.N.
_9462902
245 0 _aBrain-computer interfacing
_b An introduction
260 _aNew Delhi
_bCambridge University Press
_c2019
300 _axv,319p.
_ccm.
650 _aBiophysics
942 _hL72:(D6,8(B)), Q9
_cTEXL
_2CC
999 _c775861
_d775861